Normal view MARC view
  • Middle East

Entry Geographic Name

Number of records used in: 1

001 - CONTROL NUMBER

  • control field: 25166

003 - CONTROL NUMBER IDENTIFIER

  • control field: NUST

005 - DATE AND TIME OF LATEST TRANSACTION

  • control field: 20191105104349.0

008 - FIXED-LENGTH DATA ELEMENTS

  • fixed length control field: 191105|| aca||aabn | a|a d

040 ## - CATALOGING SOURCE

  • Original cataloging agency: NUST
  • Transcribing agency: NUST

151 ## - HEADING--GEOGRAPHIC NAME

  • Geographic name: Middle East

670 ## - SOURCE DATA FOUND

  • Source citation: Work cat.: (NUST)0: Mills, Kyle, 1966- 25162, Fade /, 2005.
© 2023 Central Library, National University of Sciences and Technology. All Rights Reserved.